书目信息 |
| 题名: |
卿本好局憾未酬
|
|
| 作者: | 丁振宇 著 | |
| 分册: | ||
| 出版信息: | 呼和浩特 远方出版社 2019 |
|
| 页数: | 279页 | |
| 开本: | 24cm | |
| 丛书名: | 读史明智系列 | |
| 单 册: | ||
| 中图分类: | K827=41 | |
| 科图分类: | ||
| 主题词: | 隋炀帝--sui yang di--传记 | |
| 电子资源: | ||
| ISBN: | 978-7-5555-1199-1 | |
| 000 | 00908oam2 2200277 450 | |
| 001 | 2151091238 | |
| 005 | 20211018173724.0 | |
| 010 | @a978-7-5555-1199-1@dCNY48.00 | |
| 100 | @a20200109d2019 em y0chiy0120 ea | |
| 101 | 0 | @achi |
| 102 | @aCN@b150000 | |
| 105 | @ay z 000yb | |
| 106 | @ar | |
| 200 | 1 | @a卿本好局憾未酬@Aqing ben hao ju han wei chou@e隋炀帝传@f丁振宇著 |
| 210 | @a呼和浩特@c远方出版社@d2019 | |
| 215 | @a279页@d24cm | |
| 225 | 2 | @a读史明智系列@Adu shi ming zhi xi lie |
| 330 | @a本书以炀帝的一生为主线,从其家族渊源入手,介绍炀帝一生的沉浮、性格特点、历史功绩。 | |
| 461 | 0 | @12001 @a读史明智系列 |
| 517 | 1 | @a隋炀帝传@Asui yang di chuan |
| 600 | 0 | @a隋炀帝@Asui yang di@f(569-618)@x传记 |
| 606 | 0 | @a隋炀帝@Asui yang di@x传记 |
| 690 | @aK827=41@v5 | |
| 701 | 0 | @a丁振宇@Ading zhen yu@f(1966?- )@4著 |
| 801 | 0 | @aCN@b百万庄@c20211016 |
| 905 | @b1309452-55@dK827=41@e1069@f4 | |
| 卿本好局憾未酬:隋炀帝传/丁振宇著.-呼和浩特:远方出版社,2019 |
| 279页;24cm.-(读史明智系列) |
| ISBN 978-7-5555-1199-1:CNY48.00 |
| 本书以炀帝的一生为主线,从其家族渊源入手,介绍炀帝一生的沉浮、性格特点、历史功绩。 |
| ● |
| 相关链接 |
|
|
|
|
正题名:卿本好局憾未酬
索取号:K827=41/1069
 
预约/预借
| 序号 | 登录号 | 条形码 | 馆藏地/架位号 | 状态 | 备注 |
| 1 | 1309452 | 213094523 | 第二样本阅览室/ [索取号:K827=41/1069] | 在馆 | |
| 2 | 1309453 | 213094532 | 第二借阅区/ [索取号:K827=41/1069] | 在馆 | |
| 3 | 1309454 | 213094541 | 第二借阅区/ [索取号:K827=41/1069] | 在馆 | |
| 4 | 1309455 | 213094550 | 第二借阅区/ [索取号:K827=41/1069] | 在馆 |